000 00635nam a2200217 i 4500
001 bg
245 0 _aMultimedia systems and applications /
_ced. by R.A. Earnshaw and J.A. Vince.
260 _aLondon :
_bAcademic Press,
_c1995.
300 _aXVII, 264 s., [4] k.tabl.kolor. :
_bfot., rys. +
_eCDROM.
504 _aBibliogr. przy rozdz. - Indeks.
650 9 _aMultimedia
_xstosowanie
700 1 _aERNSHAW, Rae A.
_eRed.
700 1 _aVINCE, John A.
020 _a0122277406
040 _cBPK
041 0 _aen
080 _a681.322.004
920 _a0-12-227740-6
942 _cKS
008 s pl f |000 0 pol
999 _c30852
_d30852
856 _uhttp://koha.tu.koszalin.pl/cgi-bin/koha/opac-detail.pl?biblionumber=30852
_yKatalog online BPK